000 00248nam a2200097Ia 4500
001 660319
005 20250826160111.0
008 250824s9999 xx 000 0 und d
245 0 _aRuby Rogers Bunu Aklınız Alıyor mu ?
_cSue Limb
260 _bALTIN
999 _c660319
_d660319